| 000 | 01026cam a2200349 4500 | ||
|---|---|---|---|
| 999 |
_c80242 _d80242 |
||
| 001 | 1353408094 | ||
| 003 | DE-627 | ||
| 005 | 20201202091949.0 | ||
| 007 | tu | ||
| 008 | 080703s1924 xx ||||| 00| ||ger c | ||
| 035 | _a(DE-627)1353408094 | ||
| 035 | _a(DE-576)28340809X | ||
| 035 | _a(DE-599)BSZ28340809X | ||
| 035 | _a(OCoLC)248487612 | ||
| 035 | _a(OCoLC)1030374775 | ||
| 040 |
_aDE-627 _bger _cDE-627 _erakwb |
||
| 041 | _ager | ||
| 082 | 0 | _a914.3 | |
| 084 |
_aLK 79020 _2rvk _0(DE-625)rvk/98231: |
||
| 100 | 1 |
_aHielscher, Kurt _d1881-1948 _0(DE-588)119152924 _0(DE-627)079948405 _0(DE-576)211418781 _4aut |
|
| 245 | 1 | 0 |
_aDeutschland _bBaukunst und Landschaft _cKurt Hielscher |
| 250 | _a16. - 35. Tsd. | ||
| 264 | 1 |
_aBerlin _bWasmuth _c1924 |
|
| 300 |
_aXVI, 304 S. _büberw. Ill. |
||
| 336 |
_aText _btxt _2rdacontent |
||
| 337 |
_aohne Hilfsmittel zu benutzen _bn _2rdamedia |
||
| 338 |
_aBand _bnc _2rdacarrier |
||
| 490 | 0 | _aOrbis terrarum | |
| 951 | _aBO | ||
| 942 |
_2z _cB |
||